000 00482nam a2200169Ia 4500
008 090711s9999 xx 000 0 und d
082 _b67072
100 _aतुपे उत्तम बंडू
245 _aकोंबारा
260 _c1991
300 _a187
600 _aतुपे उत्तम बंडू
630 _aकोंबारा
700 _aतुपे उत्तम बंडू
730 _aकोंबारा
942 _cBOOK
999 _c310932
_d310932